LEADER 01141nam a2200277 i 4500 001 000000134910 003 CaOOAMICUS 005 20050218000000.0 008 050218s1992 it u000 u ita u 013 $a108154 040 $aSeMil$bita 100 1 $aGilbert, Martin,$d<1936-2015>.$0(OLS)http://semarc/name/20214 245 10$aChurchill /$cMartin Gilbert ; traduzione di Davide Panzieri. 250 $aEd. speciale per "Famiglia Cristiana". 260 $a[S.l.] :$bFamiglia Cristiana,$ccopyr. 1992. 300 $a433 p. ;$c21 cm. 490 0 $aI protagonisti 500 $aSupplemento a "Famiglia Cristiana" n. 28 del 14 luglio 2002. 600 14$aChurchill, Winston <1874-1965>.$0(OLS)http://semarc/subject/24865 700 1 $aPanzieri, Davide.$0(OLS)http://semarc/name/55151 830 2$aI protagonisti.$0(OLS)http://semarc/title/5908 850 $aSeMil 852 $aSeMil$W1$xVenegono$y1$m3V II 85$j88620$B88620$CSeMilBibl$Z2$F93198 $81 961 $aLascito: Garavaglia don Angelo 996 $6245$aChurchill$9(OLS)http://semarc/title/197424 996 $6260$a[S.l.] :$bFamiglia Cristiana$9(OLS)http://semarc/publisher/33580 LEADER 00874nam a2200241 i 4500 001 000000081261 003 CaOOAMICUS 005 20210830150613.0 008 180521n it u000 u ita u 013 $a53501 040 $aSeMil$bita 100 1 $aBarbati, Fausto.$0(OLS)http://semarc/name/91638 245 10$aImitazione di Cristo /$cFausto Barbati. 300 $a10 CD ;$c17 cm. 490 0 $aSapientia Cordis 500 $aAudiovisivi. - In custodia. 650 4$aImitazione di Cristo e Esercizi spirituali.$0(OLS)http://semarc/subject/5142 830 0$aSapientia cordis.$0(OLS)http://semarc/title/44077 850 $aSeMil 852 $aSeMil$W1$xVenegono$y1$mMM A 114$j224800$B46536$CSeMilBibl$Z2$F48860 $8I 961 $aLascito: Coronelli don Renato 996 $6245$aImitazione di Cristo$9(OLS)http://semarc/title/71559